000 00609nam a2200229Ia 4500
003 OSt
005 20220923230606.0
006 a|||||r|||| 00| 0
007 ta
008 Pun
024 _a283,570
037 _cTextual
040 _aARTS
_cARTS
_bPun
041 _2Pun
_aPun
082 _aO153,6LM5x, L9
100 _aਧਰਮ ਚੰਦ
245 0 _aਪਰਮ ਸਨੇਹੀ ਬਚਿੱਤਰ ਸਿੰਘ ਦੇ ਨਾਂ
260 _c1979
650 _aਪੰਜਾਬੀ ਸਾਹਿਤ
942 _hO153,6LM5x, L9
_cTEXL
_2CC
999 _c385921
_d385921